|
|
|
|
| LEADER |
01064nam a2200301 a 4500 |
| 001 |
000604605 |
| 003 |
CZ BrMZK |
| 005 |
20160617141042.0 |
| 007 |
ta |
| 008 |
020605s1981 xr f cze d |
| 015 |
|
|
|a cnb002805009
|
| 040 |
|
|
|a BOA001
|b cze
|c BOA001
|
| 080 |
|
|
|a 613.956
|2 MRF
|
| 080 |
|
|
|a 159.922
|2 MRF
|
| 080 |
|
|
|a 613.88
|2 MRF
|
| 100 |
1 |
|
|a Janotová, Dana,
|d 1949-
|7 jn20000401196
|4 aut
|
| 245 |
1 |
0 |
|a Dospívající v rodině /
|c Dana Janotová ; ilustrace Helena Wernischová
|
| 250 |
|
|
|a 1. vyd.
|
| 260 |
|
|
|a Praha :
|b Mona,
|c 1981
|
| 300 |
|
|
|a 96 s.
|
| 490 |
1 |
|
|a Knihovnička Vlasty ;
|v Sv. 9
|
| 500 |
|
|
|a Dostupné též v digitální podobě v aplikaci Kramerius
|
| 700 |
1 |
|
|a Wernischová, Helena,
|d 1942-
|7 jk01151616
|4 ill
|
| 830 |
|
0 |
|a Knihovnička Vlasty
|0 s
|
| 856 |
4 |
1 |
|u http://www.digitalniknihovna.cz/mzk/uuid/uuid:58b91380-39ca-11e6-ab2f-005056827e52
|y Digitalizovaný dokument
|x NDK
|
| 910 |
|
|
|a BOA001
|b 2-0992.939
|
| 990 |
|
|
|a BK
|
| 996 |
6 |
|
|b 2619697543
|c 2-0992.939
|l MZK
|r Sklad / do 1 hodiny
|n 4
|w 000604605
|u 000010
|a 1
|e BOA001
|j MZK50
|s P
|